La danza a través del tiempo : (Registro nro. 51801)

Detalles MARC
000 -LEADER
campo de control de longitud fija 04035cam a22005174i 4500
003 - IDENTIFICADOR DE NÚMERO DE CONTROL
campo de control PE-LiUPU
005 - FECHA Y HORA DE LA ÚLTIMA TRANSACCIÓN
campo de control 20250731183427.0
008 - DATOS DE LONGITUD FIJA--INFORMACIÓN GENERAL
campo de control de longitud fija 150706s2008 pe a r 000 0 d
020 ## - NÚMERO INTERNACIONAL ESTÁNDAR DEL LIBRO
Número Internacional Estándar del Libro 9789972931284
035 ## - NÚMERO DE CONTROL DEL SISTEMA
Número de control de sistema (Sirsi) i9789972931284
040 ## - FUENTE DE CATALOGACIÓN
Centro catalogador/agencia de origen PE-LiUPU
Lengua de catalogación spa
Centro/agencia transcriptor PE-LiUPU
Normas de descripción rda
049 ## - FONDOS LOCALES (OCLC)
Biblioteca depositaria PRUA
082 04 - NÚMERO DE LA CLASIFICACIÓN DECIMAL DEWEY
Número de clasificación 793.3
Cutter V65
Número de edición 21
082 04 - NÚMERO DE LA CLASIFICACIÓN DECIMAL DEWEY
Número de clasificación 792.8
Cutter V65 2008
100 1# - ENTRADA PRINCIPAL--NOMBRE DE PERSONA
Nombre de persona Vilcapoma, José Carlos ,
Término indicativo de función/relación autor.
245 13 - MENCIÓN DEL TÍTULO
Título La danza a través del tiempo :
Resto del título en el mundo y en los andes (un enfoque antropológico) /
Mención de responsabilidad, etc. José Carlos Vilcapoma.
264 #1 - PRODUCCIÓN, PUBLICACIÓN, DISTRIBUCIÓN, FABRICACIÓN Y COPYRIGHT
Producción, publicación, distribución, fabricación y copyright Lima :
Nombre del de productor, editor, distribuidor, fabricante Asamblea Nacional de Rectores,
Fecha de producción, publicación, distribución, fabricación o copyright 2008.
300 ## - DESCRIPCIÓN FÍSICA
Extensión 488 páginas :
Otras características físicas ilustraciones, color ;
Dimensiones 24 centímetros
336 ## - TIPO DE CONTENIDO
Término de tipo de contenido text
Fuente rdacontent
337 ## - TIPO DE MEDIO
Nombre/término del tipo de medio unmediated
Fuente rdamedia
338 ## - TIPO DE SOPORTE
Nombre/término del tipo de soporte volume
Fuente rdacarrier
505 0# - NOTA DE CONTENIDO CON FORMATO
Nota de contenido con formato De las profundidades A América -- Danza en Las Américas -- Del Paleolítico al Neolítico -- La Danza Circular -- La danza documentada en el Paleolítico -- La danza en el Mesolítico.- La danza en el Neolítico -- Danza y elementos cosmogónicos -- La danza en la metalurgia y el chamanismo -- La Danza en la Civilización -- La gran Mesopotamia -- Egipto. El enigma de la danza fúnebre -- Grecia. La perfección de la danza -- Roma -- Asia. Encuentro con los dioses -- América del Norte. Supervivencia de las danzas astrales -- Centro América. Danzas mayas precortesianas -- Herencia y descendencia hispana -- Danza de nuestra historia -- Del prehispánico a nuestros días -- La danza prehispánica según algunos cronistas -- La danza en el antiguo Perú -- Danzas y cantos del Perú antiguo -- Danzas de los andes -- Etnografía danzaría -- Danza del Sumile en Parinacochas -- Teoría de la danza -- Los clásicos de la interpretación -- Curt Sachs y su teoría de la danza -- Margaret Mead y la antropología estética -- La danza en el folklore -- La danza en la ciencia del Folklore -- Festividades -- El rito -- La danza -- La danza en el folklore -- Pautas metodológicas para el análisis. Un ejemplo: El Chiple -- Baile -- La proyección del hecho folklórico -- Entre el teatro y el neofolklore.
526 ## - NOTA DE INFORMACIÓN SOBRE EL PROGRAMA DE ESTUDIO
Nombre del programa Maestría Bim Facility Management (A distancia)
526 ## - NOTA DE INFORMACIÓN SOBRE EL PROGRAMA DE ESTUDIO
Nombre del programa
526 ## - NOTA DE INFORMACIÓN SOBRE EL PROGRAMA DE ESTUDIO
Nombre del programa Educación musical y artes
526 ## - NOTA DE INFORMACIÓN SOBRE EL PROGRAMA DE ESTUDIO
Nombre del programa Educación, especialidad educación física
526 ## - NOTA DE INFORMACIÓN SOBRE EL PROGRAMA DE ESTUDIO
Nombre del programa Arquitectura
596 ## -
-- 1 3
650 04 - PUNTO DE ACCESO ADICIONAL DE MATERIA--TÉRMINO DE MATERIA
Término de materia o nombre geográfico como elemento de entrada Danza
Subdivisión general Historia.
650 04 - PUNTO DE ACCESO ADICIONAL DE MATERIA--TÉRMINO DE MATERIA
Término de materia o nombre geográfico como elemento de entrada Danzas folclóricas peruanas.
910 ## - DATOS DE OPCIÓN DEL USUARIO (OCLC)
-- jv
-- ng
-- 20110405
910 ## - DATOS DE OPCIÓN DEL USUARIO (OCLC)
-- qv
-- 20171019
942 ## - ELEMENTOS DE ENTRADA SECUNDARIOS (KOHA)
Fuente del sistema de clasificación o colocación Clasificación Decimal Dewey
Tipo de ítem Koha
949 ## - PROCESAMIENTO DE INFORMACIÓN LOCAL (OCLC)
a 793.3 V65
w DEWEY
c 1
i 62720
l CCODEBUL1
m BUL
p 15.00
r 0
s Y
t BOOK
u 2015-7-6
x EDUCACION
z UNKNOWN
0 COMPRA
o .STAFF. Colección General
949 ## - PROCESAMIENTO DE INFORMACIÓN LOCAL (OCLC)
a 793.3 V65
w DEWEY
c 2
i 62719
l CCODEBUL1
m BUL
p 15.00
r 0
s Y
t BOOK
u 2015-7-6
x EDUCACION
z UNKNOWN
0 COMPRA
o .STAFF. Colección General
949 ## - PROCESAMIENTO DE INFORMACIÓN LOCAL (OCLC)
a 792.8 V65 2008
w DEWEY
c 1
i FJ09044
l CCODEBUJ1
m BUJ
p 15.00
r 0
s Y
t BOOK
u 2017-10-19
x EDUCACION
z UNKNOWN
0 COMPRA
o .STAFF. Colección General Juliaca
949 ## - PROCESAMIENTO DE INFORMACIÓN LOCAL (OCLC)
a 792.8 V65 2008
w DEWEY
c 2
i FJ09045
l CCODEBUJ1
m BUJ
p 15.00
r 0
s Y
t BOOK
u 2017-10-19
x EDUCACION
z UNKNOWN
0 COMPRA
o .STAFF. Colección General Juliaca
994 ## -
-- C0
-- PEPRU
999 ## - NÚMEROS DE CONTROL DE SISTEMA (KOHA)
-- DEWEY
-- 62720
-- 2021-11-5
-- 5
-- CCODEBUL1
-- BUL
-- 15.00
-- 0
-- Y
-- BOOK
-- 2015-7-6
-- BIBLIOTECA
-- UNKNOWN
-- COMPRA
-- .STAFF. Colección General
999 ## - NÚMEROS DE CONTROL DE SISTEMA (KOHA)
-- DEWEY
-- 62719
-- 2021-11-5
-- 5
-- CCODEBUL1
-- BUL
-- 15.00
-- 0
-- Y
-- BOOK
-- 2015-7-6
-- BIBLIOTECA
-- UNKNOWN
-- COMPRA
-- .STAFF. Colección General
999 ## - NÚMEROS DE CONTROL DE SISTEMA (KOHA)
-- DEWEY
-- FJ09044
-- 2022-2-2
-- 2
-- CCODEBUJ1
-- BUJ
-- 15.00
-- 0
-- Y
-- BOOK
-- 2017-10-19
-- EDUCACION
-- UNKNOWN
-- COMPRA
-- .STAFF. Colección General Juliaca
999 ## - NÚMEROS DE CONTROL DE SISTEMA (KOHA)
-- DEWEY
-- FJ09045
-- 2022-2-2
-- 2
-- CCODEBUJ1
-- BUJ
-- 15.00
-- 0
-- Y
-- BOOK
-- 2017-10-19
-- EDUCACION
-- P14
-- COMPRA
-- .STAFF. Colección General Juliaca
980 ## - EQUIVALENCIA O REFERENCIA-CRUZADA-MENCIÓN DE SERIE--NOMBRE DE PERSONA/TÍTULO [LOCAL, CANADÁ]
ID del último usuario que modificó el registro 1
Nombre del último usuario que modificó el registro ALBERTO SANCHEZ Responsable de Automatización
Existencias
Visto por última vez Número de inventario Total de préstamos Signatura topográfica completa Código de barras Copia número Coste, precio de reemplazo Fecha de reemplazo Facultad Tipo de ítem Koha Nota pública Estado de pérdida Fuente del sistema de clasificación o colocación Restricciones de uso No para préstamo Colección Programa académico Biblioteca de origen Biblioteca actual Ubicación en estantería Fecha de adquisición Fuente de adquisición Coste, precio normal de compra
2025-12-03 6   793.3 V65 62720 e1 20.00 2015-07-06 FACIHED Libros físicos inventario-2023-12-13 No Perdido Clasificación Decimal Dewey No restringido Disponible para préstamos Colección General Educación secundaria, especialidad lingüística e inglés Biblioteca CRAI UPeU Lima Biblioteca CRAI UPeU Lima Sala principal 2015-07-06 COMPRA 15.00
2025-12-03 6   793.3 V65 62719 e2 20.00 2015-07-06 FACIHED Libros físicos inventario-2023-12-13 No Perdido Clasificación Decimal Dewey No restringido Disponible para préstamos Colección General Educación secundaria, especialidad lingüística e inglés Biblioteca CRAI UPeU Lima Biblioteca CRAI UPeU Lima Sala principal 2015-07-06 COMPRA 15.00